LEADER 00976cam0-22003251i-450- 001 990007210970403321 005 20061121100031.0 010 $a88-387-9693-9 035 $a000721097 035 $aFED01000721097 035 $a(Aleph)000721097FED01 035 $a000721097 100 $a20021021d1991----km-y0itay50------ba 101 0 $aita 102 $aIT 105 $ay-------n001y 200 1 $aOrdinamento delle autonomie locali$eCommento alla legge 8 giugno 1990, n. 142$eNorme complementari, documenti, schemi$fLuciano Vandelli 210 $aRimini$cMaggioli$d1991 215 $aXXVII, 448 p.$d21 cm 225 1 $aStrumenti di diritto pubblico$v5 676 $a342 700 1$aVandelli,$bLuciano$0115586 801 0$aIT$bUNINA$gRICA$2UNIMARC 901 $aBK 912 $a990007210970403321 952 $aD-40$b2078 DIP.$fDDRC 952 $aD-III-40$b1960 dip.$fDDRC 959 $aDDRC 996 $aOrdinamento delle autonomie locali$9643914 997 $aUNINA LEADER 01736oam 2200433 a 450 001 9910693154803321 005 20041230142413.0 035 $a(CKB)5470000002359967 035 $a(OCoLC)57350884 035 9 $aocm57350884 035 $a(OCoLC)995470000002359967 035 $a(EXLCZ)995470000002359967 100 $a20041230d2004 ua 0 101 0 $aeng 135 $aurmn|||||| 181 $ctxt$2rdacontent 182 $cc$2rdamedia 183 $acr$2rdacarrier 200 10$aPort security$b[electronic resource] $ebetter planning needed to develop and operate maritime worker identification card program : report to the Chairman and Ranking Minority Member, Commmitee on Commerce, Science, and Transportation, U.S. Senate 210 1$a[Washington, D.C.] :$cU.S. Government Accountability Office,$d[2004] 300 $aTitle from title screen (viewed on Dec. 29, 2004). 300 $a"December 2004." 300 $aPaper version available from: U.S. Government Accountability Office, 441 G St., NW, Rm. LM, Washington, D.C. 20548. 300 $a"GAO-05-106." 320 $aIncludes bibliographical references. 517 $aPort security 606 $aBiometric identification$zUnited States 606 $aHarbors$xSecurity measures$zUnited States 606 $aTerrorism$xPrevention$xGovernment policy$zUnited States 615 0$aBiometric identification 615 0$aHarbors$xSecurity measures 615 0$aTerrorism$xPrevention$xGovernment policy 712 02$aUnited States.$bCongress.$bSenate.$bCommittee on Commerce, Science, and Transportation. 801 0$bGPO 801 1$bGPO 906 $aBOOK 912 $a9910693154803321 996 $aPort security$93146641 997 $aUNINA